<?xml version="1.0" encoding="UTF-8"?>
<marc:record xmlns:marc="http://www.loc.gov/MARC21/slim">
   <marc:leader>00000nam a2200000 a 4500</marc:leader>
   <marc:datafield ind1="1" ind2=" " tag="100">
      <marc:subfield code="a">Forst, Bettina</marc:subfield>
      <marc:subfield code="4">aut</marc:subfield>
      <marc:subfield code="e">Verfasser/-in</marc:subfield>
   </marc:datafield>
   <marc:datafield ind1=" " ind2=" " tag="653">
      <marc:subfield code="a">Individualreisende</marc:subfield>
   </marc:datafield>
   <marc:datafield ind1=" " ind2=" " tag="653">
      <marc:subfield code="a">Frankreich</marc:subfield>
   </marc:datafield>
   <marc:datafield ind1=" " ind2=" " tag="653">
      <marc:subfield code="a">Französisch</marc:subfield>
   </marc:datafield>
   <marc:datafield ind1=" " ind2=" " tag="653">
      <marc:subfield code="a">Wandern</marc:subfield>
   </marc:datafield>
   <marc:datafield ind1=" " ind2=" " tag="653">
      <marc:subfield code="a">Fahrrad</marc:subfield>
   </marc:datafield>
   <marc:datafield ind1=" " ind2=" " tag="653">
      <marc:subfield code="a">Aubrac</marc:subfield>
   </marc:datafield>
   <marc:datafield ind1=" " ind2=" " tag="653">
      <marc:subfield code="a">Vichy</marc:subfield>
   </marc:datafield>
   <marc:datafield ind1=" " ind2=" " tag="653">
      <marc:subfield code="a">Loire</marc:subfield>
   </marc:datafield>
   <marc:datafield ind1=" " ind2=" " tag="653">
      <marc:subfield code="a">Ardeche</marc:subfield>
   </marc:datafield>
   <marc:datafield ind1=" " ind2=" " tag="653">
      <marc:subfield code="a">Jakobsweg</marc:subfield>
   </marc:datafield>
   <marc:datafield ind1=" " ind2=" " tag="653">
      <marc:subfield code="a">2020</marc:subfield>
   </marc:datafield>
   <marc:datafield ind1=" " ind2=" " tag="653">
      <marc:subfield code="a">Softcover / Reisen/Reiseführer/Europa</marc:subfield>
   </marc:datafield>
   <marc:datafield ind1=" " ind2=" " tag="653">
      <marc:subfield code="a">Führer</marc:subfield>
   </marc:datafield>
   <marc:datafield ind1="0" ind2="0" tag="245">
      <marc:subfield code="a">Auvergne und Cevennen</marc:subfield>
   </marc:datafield>
   <marc:datafield ind1="0" ind2="0" tag="245">
      <marc:subfield code="c">Bettina Forst</marc:subfield>
   </marc:datafield>
   <marc:datafield ind1=" " ind2="1" tag="264">
      <marc:subfield code="a">Bielefeld</marc:subfield>
      <marc:subfield code="b">Reise Know-How Verlag Peter Rump</marc:subfield>
      <marc:subfield code="c">2020</marc:subfield>
   </marc:datafield>
   <marc:datafield ind1=" " ind2=" " tag="250">
      <marc:subfield code="a">7., neu bearbeitete und aktualisierte Auflage</marc:subfield>
   </marc:datafield>
   <marc:datafield ind1="1" ind2=" " tag="520">
      <marc:subfield code="a">Angaben aus der Verlagsmeldung

Reise Know-How Reiseführer Auvergne, Cevennen / von Bettina Forst

Der Reiseführer für Auvergne und Cevennen von Reise Know-How – umfassend, engagiert und aktuell: Sie liegt im Herzen Frankreichs und ist doch zugleich dessen einsamste Region. Folgen Sie der Autorin in die Auvergne, erleben Sie die rauen und kargen Hochflächen mit ihren tief eingeschnittenen Canyons, die romanischen Kirchen und Burgen, kleine Dörfer, naturbelassene Flussläufe, Thermalquellen, Wasserfälle und die reiche Tier- und Pflanzenwelt. Die Auvergne ist ein Reiseziel für alle, die es lieben, aktiv zu sein ‒ sei es beim Wandern, im Kanu auf Tarn oder Ardèche, beim Klettern, Drachenfliegen, Angeln, Fahrrad- oder Skifahren ‒ und für all jene, die einen Sinn für die kleinen Wunder am Wegesrand haben.

Wer die Auvergne individuell entdecken möchte, findet in diesem Reisehandbuch ausführliche Informationen zu allen sehenswerten Orten und zur Geschichte der Region. Die gesondert gekennzeichneten Highlights und die hervorgehobenen Tipps für kinderfreundliche oder nachhaltige Angebote und Aktivitäten ermöglichen eine gute Reiseplanung. 65 Stadtpläne und Karten, ein ausführliches Register und zahlreiche Querverweise im Buch sorgen für ein schnelles Zurechtfinden unterwegs. Der kleine Reisewortschatz Französisch erleichtert die Verständigung. Mit über 30 Wanderungen und Radtouren mit detaillierten Karten.

Reisehandbücher von Reise Know-How – mehr wissen, mehr sehen, mehr erleben.
</marc:subfield>
   </marc:datafield>
   <marc:datafield ind1=" " ind2=" " tag="020">
      <marc:subfield code="a">9783831734054</marc:subfield>
      <marc:subfield code="9">9783831734054</marc:subfield>
   </marc:datafield>
   <marc:datafield ind1=" " ind2=" " tag="020">
      <marc:subfield code="a">3831734054</marc:subfield>
      <marc:subfield code="9">3831734054</marc:subfield>
   </marc:datafield>
   <marc:datafield ind1=" " ind2=" " tag="041">
      <marc:subfield code="a">ger</marc:subfield>
   </marc:datafield>
   <marc:datafield ind1=" " ind2=" " tag="300">
      <marc:subfield code="a">539 Seiten</marc:subfield>
   </marc:datafield>
</marc:record>
